000 00368nam a2200133Ia 4500
008 220217s9999||||xx |||||||||||||| ||und||
020 _a81-265-0264-9
082 _a005.13 GRE
100 _aGruman, Galen Assadi, Barbara
_93417
245 0 _aQuarkXpress 5 bible
260 _aIDG books india
_bNew Delhi
_c2002
300 _b499
650 _aPROGRAMMING LANGUAGE
999 _c171869
_d171869